|
|
|
|
| LEADER |
00991cam a2200265 7i4500 |
| 001 |
0000065423 |
| 005 |
20220107090000.0 |
| 020 |
|
|
|a 9780241394519 (electronic book)
|
| 090 |
0 |
0 |
|a GV1061
|b .N38 2020
|
| 100 |
1 |
|
|a Napier, Chris
|
| 245 |
1 |
0 |
|a Science of running :
|b analyze your technique, prevent injury, revolutionize your training
|c Chris Napier.
|
| 264 |
|
|
|a London:
|b Dorling Kindersley,
|c 2020.
|
| 300 |
|
|
|a 1 online resource (x, 224 pages):
|b colour illustrations, text file, PDF.
|
| 336 |
|
|
|a text
|2 rdacontent
|
| 337 |
|
|
|a computer
|2 rdamedia
|
| 338 |
|
|
|a online resource
|2 rdacarrier
|
| 650 |
|
0 |
|a Running --
|x Physiological aspects
|
| 650 |
|
0 |
|a Sports medicine
|
| 650 |
|
0 |
|a Marathon running
|
| 650 |
|
0 |
|a Running --
|x Training
|
| 655 |
|
0 |
|a Electronic books
|
| 856 |
4 |
2 |
|u http://library.unisel.edu.my/web/guest/mylibrary
|
| 997 |
|
|
|a Business & Accountancy, Faculty
|
| 998 |
|
|
|a Sport Management Industry, Diploma
|
| 999 |
|
|
|a EBO0009965
|b EBOOK
|c EBOOK
|e Electronic resources
|